[Event "2. Bundesliga West 2014/15"]
[Site "Diverse"]
[Date "2015.03.06"]
[Round "9"]
[Board "6"]
[White "Kranz, Armin"]
[Black "Riediger, Martin"]
[Result "0-1"]
[WhiteElo "2131"]
[BlackElo "2262"]
[PlyCount "108"]
[EventDate "2014.10.10"]
[EventType "team"]
[EventRounds "11"]
[EventCountry "AUT"]
[WhiteTeam "Goetzis"]
[BlackTeam "Ranshofen"]

1.d4 d5 2.Nf3 Nf6 3.c4 e6 4.g3 Be7 5.Bg2 O-O 6.O-O dxc4 7.Qc2 a6 8.Qxc4 b5 9.Qc2 Bb7
10.Bg5 Be4 11.Qc1 Nbd7 12.Nbd2 Bd5 13.Bxf6 Nxf6 14.Nb3 Bd6 15.Ne1 Bxg2 16.Kxg2 e5
17.dxe5 Bxe5 18.Nf3 Bd6 19.Rd1 Qe7 20.Nbd4 Rfe8 21.Qc6 Qe4 22.Rac1 Qxc6 23.Rxc6 g6
24.e3 Nd5 25.Rcc1 Nf6 26.Nc6 Kf8 27.Nfd4 Rec8 28.Rd3 Re8 29.Ne2 Re4 30.f3 Ree8 31.e4
Nd7 32.Ned4 Ne5 33.Rd2 Nc4 34.Re2 Ne5 35.f4 Nxc6 36.Nxc6 f6 37.e5 fxe5 38.fxe5 Be7
39.Rd1 Bc5 40.Rd7 Re6 41.Nd4 Bxd4 42.Rxd4 Rae8 43.Rde4 Ke7 44.Rh4 h5 45.g4 hxg4 46.Rxg4
Kd7 47.Rg5 Rf8 48.Kg3 c5 49.h4 c4 50.Kg4 Kc6 51.h5 gxh5+ 52.Rxh5 Rf1 53.Rg5 Kd5 54.Kg3
Rg1+ 0-1

[Event "2. Bundesliga West 2014/15"]
[Site "Diverse"]
[Date "2015.03.06"]
[Round "9"]
[Board "1"]
[White "Zelcic, Robert"]
[Black "Graf, Felix"]
[Result "1/2-1/2"]
[WhiteElo "2553"]
[BlackElo "2478"]
[PlyCount "98"]
[EventDate "2014.10.10"]
[EventType "team"]
[EventRounds "11"]
[EventCountry "AUT"]
[WhiteTeam "Schwarzach"]
[BlackTeam "Bregenz"]

1.e4 e6 2.d4 d5 3.Nc3 Nf6 4.Bg5 Bb4 5.e5 h6 6.Bc1 Ne4 7.Qg4 Kf8 8.Nge2 Nc6 9.Qf3 Bd7
10.a3 Ba5 11.Qd3 Kg8 12.Be3 f6 13.exf6 Qxf6 14.O-O-O Nxf2 15.Bxf2 Qxf2 16.g3 e5 17.dxe5
Bf5 18.Qd2 Rd8 19.Qf4 Bb6 20.Qxf2 Bxf2 21.Bg2 d4 22.Nd5 Bg4 23.Rdf1 Be3+ 24.Nxe3 dxe3
25.Bxc6 bxc6 26.Nc3 Re8 27.Rf4 Bh5 28.g4 Bg6 29.Re1 Rxe5 30.Nd1 e2 31.Nc3 h5 32.Rxe2
Rxe2 33.Nxe2 hxg4 34.Rf2 Be4 35.Ng3 Bf3 36.Kd2 Kf7 37.Ke3 Re8+ 38.Kf4 Kf6 39.Nf1 g5+
40.Kg3 Rh8 41.Rd2 Rh3+ 42.Kf2 Bd5 43.Ke1 Rh8 44.Rd4 Rh4 45.Rb4 Bg2 46.Ne3 Bf3 47.Nf1
Bg2 48.Ne3 Bf3 49.Nf1 Bg2 1/2-1/2

[Event "2. Bundesliga West 2014/15"]
[Site "Diverse"]
[Date "2015.03.06"]
[Round "9"]
[Board "2"]
[White "Jorczik, Julian"]
[Black "Krstic, Uros"]
[Result "1/2-1/2"]
[WhiteElo "2385"]
[BlackElo "2428"]
[PlyCount "102"]
[EventDate "2014.10.10"]
[EventType "team"]
[EventRounds "11"]
[EventCountry "AUT"]
[WhiteTeam "Bregenz"]
[BlackTeam "Schwarzach"]

1.d4 g6 2.e4 c6 3.Nc3 d5 4.h3 Bg7 5.Nf3 Nh6 6.Bd3 dxe4 7.Nxe4 Nf5 8.c3 O-O 9.Bf4 Nd6
10.Nxd6 exd6 11.O-O d5 12.Qd2 Be6 13.Rfe1 Re8 14.Ng5 Nd7 15.Nxe6 fxe6 16.Re2 Qe7 17.Rae1
Qf7 18.Bd6 Rad8 19.Qg5 Nf6 20.Be5 Rd7 21.Re3 Nh5 22.Bh2 Bf6 23.Qg4 Ng7 24.Qe2 Rf8
25.Rf3 Qe8 26.Be5 Bxe5 27.Rxf8+ Qxf8 28.Qxe5 Rf7 29.Qe3 Qd6 30.g3 Rc7 31.b4 b6 32.Bf1
Re7 33.h4 Rf7 34.Bh3 Rf6 35.Qg5 Kf7 36.Qh6 Kg8 37.Qg5 Kf7 38.f4 h5 39.Qe5 Ke7 40.Kf2
Qxe5 41.Rxe5 Rf8 42.Re1 Rc8 43.Rb1 Kf6 44.a4 Rc7 45.Bf1 c5 46.bxc5 bxc5 47.dxc5 Rxc5
48.Rb3 Ra5 49.Rb4 Rc5 50.Rb3 Ra5 51.Rb4 Rc5 1/2-1/2

[Event "2. Bundesliga West 2014/15"]
[Site "Diverse"]
[Date "2015.03.06"]
[Round "9"]
[Board "3"]
[White "Brumen, Dinko"]
[Black "Dobosz, Henryk"]
[Result "0-1"]
[WhiteElo "2359"]
[BlackElo "2389"]
[PlyCount "106"]
[EventDate "2014.10.10"]
[EventType "team"]
[EventRounds "11"]
[EventCountry "AUT"]
[WhiteTeam "Schwarzach"]
[BlackTeam "Bregenz"]

1.d4 d6 2.g3 g6 3.Nf3 Bg7 4.Bg2 Nd7 5.O-O e5 6.Nc3 Ne7 7.dxe5 dxe5 8.e4 O-O 9.Bg5
h6 10.Be3 Kh7 11.Qd3 c6 12.Rfd1 Qc7 13.Qc4 Nb6 14.Qc5 Be6 15.Nb5 Qb8 16.Nxa7 Nc4 17.Qxe7
Nxe3 18.fxe3 Qxa7 19.Rd3 Qb6 20.b3 g5 21.a4 Rfd8 22.Rad1 Rxd3 23.Rxd3 Bf8 24.Qf6 Bg7
25.Qe7 Bf8 26.Qf6 Qc5 27.Qxe5 Qxc2 28.Qc3 Qb1+ 29.Kf2 Bb4 30.Nd2 Bxc3 31.Nxb1 Bb4
32.e5 Ra5 33.Nd2 Rxe5 34.Nc4 Rc5 35.Nd6 Rc2+ 36.Kg1 Rc1+ 37.Kf2 Rc2+ 38.Kg1 Bxd6 39.Rxd6
Rb2 40.a5 Rxb3 41.a6 bxa6 42.Kf2 Rb2+ 43.Kg1 Kg7 44.Bf1 a5 45.Rxc6 a4 46.Rc3 Rb3 47.Rc1
a3 48.Ra1 Rxe3 49.Kf2 Rb3 50.Be2 Kf6 51.h4 gxh4 52.gxh4 Ke5 53.h5 Kf4 0-1

[Event "2. Bundesliga West 2014/15"]
[Site "Diverse"]
[Date "2015.03.06"]
[Round "9"]
[Board "4"]
[White "Herbrechtsmeier, Christof"]
[Black "Roeberg, Frank"]
[Result "0-1"]
[WhiteElo "2286"]
[BlackElo "2249"]
[PlyCount "44"]
[EventDate "2014.10.10"]
[EventType "team"]
[EventRounds "11"]
[EventCountry "AUT"]
[WhiteTeam "Bregenz"]
[BlackTeam "Schwarzach"]

1.e4 e5 2.Nf3 Nc6 3.Bc4 Nf6 4.Ng5 d5 5.exd5 b5 6.Bf1 Nd4 7.c3 Nxd5 8.cxd4 Qxg5 9.Bxb5+
Kd8 10.Qf3 exd4 11.O-O Rb8 12.Bc4 Nf4 13.d3 Bd6 14.Bxf4 Bxf4 15.g3 Bd6 16.h4 Qh6 17.b3
g5 18.h5 g4 19.Qd5 Re8 20.Qxf7 Rf8 21.Qd5 Bb7 22.Qxd4 Qxh5 0-1

[Event "2. Bundesliga West 2014/15"]
[Site "Diverse"]
[Date "2015.03.06"]
[Round "9"]
[Board "5"]
[White "Ljubic, Juro"]
[Black "Bezler, Rainer"]
[Result "0-1"]
[WhiteElo "2213"]
[BlackElo "2215"]
[PlyCount "84"]
[EventDate "2014.10.10"]
[EventType "team"]
[EventRounds "11"]
[EventCountry "AUT"]
[WhiteTeam "Schwarzach"]
[BlackTeam "Bregenz"]

1.e4 d6 2.Nc3 Nf6 3.g3 e5 4.Bg2 Nc6 5.Nge2 g6 6.O-O Bg7 7.d4 exd4 8.Nxd4 Bd7 9.Nxc6
bxc6 10.h3 O-O 11.Bg5 Qc8 12.Kh2 Re8 13.Qd3 Rb8 14.b3 Be6 15.Rae1 Nd7 16.Na4 Rb5 17.Be3
Rh5 18.h4 Ne5 19.Qd2 Ng4+ 20.Kg1 c5 21.Bf4 h6 22.f3 Ne5 23.c3 c4 24.Rb1 Qa6 25.g4
Rxh4 26.Bg3 Bf6 27.Bxh4 Bxh4 28.f4 Nd3 29.f5 Bg5 30.Qd1 Bd7 31.Nb2 Qb6+ 32.Kh2 Bf4+
33.Rxf4 Nxf4 34.Nxc4 Qf2 35.Qf3 Qh4+ 36.Kg1 Qg5 37.Rf1 Nxg2 38.Kxg2 Bc6 39.fxg6 Qxg6
40.Nd2 Rxe4 41.Kh3 Rd4 42.Qxc6 Qxg4+ 0-1

[Event "2. Bundesliga West 2014/15"]
[Site "Diverse"]
[Date "2015.03.06"]
[Round "9"]
[Board "6"]
[White "Mira, Helene"]
[Black "Stoeckl, Norbert"]
[Result "1/2-1/2"]
[WhiteElo "2049"]
[BlackElo "2094"]
[PlyCount "69"]
[EventDate "2014.10.10"]
[EventType "team"]
[EventRounds "11"]
[EventCountry "AUT"]
[WhiteTeam "Bregenz"]
[BlackTeam "Schwarzach"]

1.Nf3 Nf6 2.c4 g6 3.Nc3 d5 4.cxd5 Nxd5 5.Qa4+ c6 6.Nxd5 Qxd5 7.e4 Qd6 8.d4 Bg7 9.Be3
O-O 10.Be2 Nd7 11.O-O e5 12.Rfd1 exd4 13.Bxd4 Qe7 14.Bxg7 Kxg7 15.Qd4+ Nf6 16.e5 Nd5
17.Bc4 Be6 18.a3 Rfe8 19.Re1 c5 20.Qe4 Nc7 21.Bxe6 Nxe6 22.Rad1 Rac8 23.Rd6 Rc7 24.Red1
b5 25.g3 c4 26.h4 h6 27.R1d5 Nc5 28.Qd4 Ne6 29.Qe3 Rb7 30.Nd2 Nc7 31.Rc5 Ne6 32.Rcd5
Nc7 33.Rc5 Ne6 34.Rcd5 Nc7 35.Rc5 1/2-1/2

[Event "2. Bundesliga West 2014/15"]
[Site "Diverse"]
[Date "2015.03.07"]
[Round "10"]
[Board "1"]
[White "Berchtenbreiter, Maximilian"]
[Black "Zelcic, Robert"]
[Result "1/2-1/2"]
[WhiteElo "2384"]
[BlackElo "2553"]
[PlyCount "95"]
[EventDate "2014.10.10"]
[EventType "team"]
[EventRounds "11"]
[EventCountry "AUT"]
[WhiteTeam "HAK/HAS Innsbruck"]
[BlackTeam "Schwarzach"]

1.e4 c6 2.c4 d5 3.exd5 cxd5 4.cxd5 Nf6 5.Nc3 Nxd5 6.d4 Nc6 7.Bb5 Nxc3 8.bxc3 Qd5 9.Be2
Qxg2 10.Bf3 Qg6 11.Ne2 e5 12.d5 Nb8 13.a4 Nd7 14.Rg1 Qa6 15.Be3 Nc5 16.Ng3 Nd3+ 17.Kd2
Nb2 18.Qb3 Nc4+ 19.Kc2 Nxe3+ 20.fxe3 Qb6 21.Qc4 Be7 22.Rab1 Qxe3 23.d6 Bxd6 24.Bc6+
bxc6 25.Qxc6+ Bd7 26.Qxa8+ Ke7 27.Qxh8 Qf2+ 28.Kb3 Be6+ 29.c4 Qe3+ 30.Kc2 Qf2+ 31.Kb3
Qf3+ 32.Kc2 Qf2+ 33.Kb3 Qd2 34.Rgc1 Qd3+ 35.Kb2 Ba3+ 36.Ka1 Bxc1 37.Rxc1 Qa3+ 38.Kb1
Qb3+ 39.Ka1 Qxa4+ 40.Kb2 Qb4+ 41.Kc2 Qxc4+ 42.Kd2 Qf4+ 43.Kc2 Qf2+ 44.Kd3 Qd4+ 45.Kc2
Qa4+ 46.Kd2 Qf4+ 47.Kc2 Qa4+ 48.Kd2 1/2-1/2

[Event "2. Bundesliga West 2014/15"]
[Site "Diverse"]
[Date "2015.03.07"]
[Round "10"]
[Board "2"]
[White "Krstic, Uros"]
[Black "Nuber, Blasius"]
[Result "1/2-1/2"]
[WhiteElo "2428"]
[BlackElo "2349"]
[PlyCount "113"]
[EventDate "2014.10.10"]
[EventType "team"]
[EventRounds "11"]
[EventCountry "AUT"]
[WhiteTeam "Schwarzach"]
[BlackTeam "HAK/HAS Innsbruck"]

1.e4 e5 2.Nf3 Nc6 3.Bb5 a6 4.Ba4 Nf6 5.O-O Be7 6.Re1 b5 7.Bb3 d6 8.a3 Bg4 9.c3 Na5
10.Ba2 c5 11.h3 Bd7 12.b4 cxb4 13.cxb4 Nc6 14.d4 Qc7 15.Bb2 O-O 16.Nc3 exd4 17.Nxd4
Ne5 18.Rc1 Nc4 19.Bxc4 bxc4 20.Nf5 Rfe8 21.Nxe7+ Rxe7 22.Nd5 Nxd5 23.Qxd5 Rc8 24.Qg5
f6 25.Bxf6 Rf7 26.Bd4 Be6 27.Rc3 Rb8 28.f4 Rb5 29.f5 Bd7 30.Qf4 Qc6 31.Rec1 d5 32.f6
Be6 33.Rg3 dxe4 34.Rxg7+ Rxg7 35.fxg7 Rf5 36.Qb8+ Bc8 37.Qg3 Qd5 38.Qe3 Bb7 39.Rf1
Bc8 40.Re1 Bb7 41.Re2 Bc6 42.Rd2 Qf7 43.Bc3 Rf1+ 44.Kh2 Qc7+ 45.Qg3 Qb6 46.Qd6 Qg1+
47.Kg3 Qe3+ 48.Kh2 Qxc3 49.Qe6+ Kxg7 50.Qe7+ Rf7 51.Qg5+ Kf8 52.Qc5+ Kg7 53.Qg5+ Kf8
54.Qh6+ Qg7 55.Rd8+ Be8 56.Qd6+ Re7 57.Qc5 1/2-1/2

[Event "2. Bundesliga West 2014/15"]
[Site "Diverse"]
[Date "2015.03.07"]
[Round "10"]
[Board "3"]
[White "Wachinger, Guenther"]
[Black "Brumen, Dinko"]
[Result "1/2-1/2"]
[WhiteElo "2233"]
[BlackElo "2359"]
[PlyCount "114"]
[EventDate "2014.10.10"]
[EventType "team"]
[EventRounds "11"]
[EventCountry "AUT"]
[WhiteTeam "HAK/HAS Innsbruck"]
[BlackTeam "Schwarzach"]

1.d4 Nf6 2.c4 c5 3.d5 b5 4.Nf3 g6 5.Qc2 bxc4 6.e4 d6 7.Bxc4 Bg7 8.O-O O-O 9.Nc3 Ba6
10.Bxa6 Nxa6 11.Qe2 Nc7 12.Rd1 Nd7 13.Bf4 Rb8 14.Rac1 a6 15.b3 Nb5 16.Nxb5 axb5 17.e5
dxe5 18.Nxe5 Nxe5 19.Bxe5 Bxe5 20.Qxe5 Qd6 21.Qe3 Rfc8 22.h4 c4 23.Qd4 Qa6 24.Rc2
cxb3 25.Rxc8+ Rxc8 26.axb3 Qa3 27.h5 Qxb3 28.h6 Qc3 29.Qxc3 Rxc3 30.d6 exd6 31.Rxd6
Kf8 32.Rb6 Rc1+ 33.Kh2 Rb1 34.Rb8+ Ke7 35.Rh8 Rd1 36.Rb8 Rd5 37.Rb6 Kd7 38.Rb7+ Ke6
39.g4 g5 40.Kg3 Rd3+ 41.f3 Rd5 42.Kf2 Re5 43.Kg3 Rc5 44.Kf2 Kf6 45.Rb6+ Ke5 46.Rb7
Ke6 47.Ke3 Rc3+ 48.Ke4 Rc4+ 49.Kd3 Rb4 50.Ke3 Rb1 51.Ke4 b4 52.Rb6+ Kd7 53.Kf5 Kc7
54.Rb5 Kc6 55.Rb8 Kc7 56.Rb5 Kc6 57.Rb8 Kc7 1/2-1/2

[Event "2. Bundesliga West 2014/15"]
[Site "Diverse"]
[Date "2015.03.07"]
[Round "10"]
[Board "4"]
[White "Roeberg, Frank"]
[Black "Hajdarevic, Dino"]
[Result "1/2-1/2"]
[WhiteElo "2249"]
[BlackElo "2135"]
[PlyCount "29"]
[EventDate "2014.10.10"]
[EventType "team"]
[EventRounds "11"]
[EventCountry "AUT"]
[WhiteTeam "Schwarzach"]
[BlackTeam "HAK/HAS Innsbruck"]

1.e4 d6 2.d4 Nf6 3.Nc3 g6 4.Nf3 Bg7 5.h3 O-O 6.Be3 c6 7.a4 Nbd7 8.a5 e5 9.dxe5 dxe5
10.Qd6 Ne8 11.Qa3 Nc7 12.Qd6 Ne8 13.Qa3 Nc7 14.Qd6 Ne8 15.Qd1 1/2-1/2

[Event "2. Bundesliga West 2014/15"]
[Site "Diverse"]
[Date "2015.03.07"]
[Round "10"]
[Board "6"]
[White "Stoeckl, Norbert"]
[Black "Georgiev, Georgi"]
[Result "0-1"]
[WhiteElo "2094"]
[BlackElo "2107"]
[PlyCount "78"]
[EventDate "2014.10.10"]
[EventType "team"]
[EventRounds "11"]
[EventCountry "AUT"]
[WhiteTeam "Schwarzach"]
[BlackTeam "HAK/HAS Innsbruck"]

1.e4 Nf6 2.e5 Nd5 3.d4 d6 4.Nf3 Nc6 5.c4 Nb6 6.exd6 exd6 7.h3 Bf5 8.Be2 Be7 9.Bf4
O-O 10.Nc3 Re8 11.O-O a5 12.Qd2 a4 13.Rfc1 Bf6 14.Nb5 Qd7 15.Nh2 a3 16.Ng4 Bxd4 17.Nxd4
Nxd4 18.Qxd4 Rxe2 19.Bh6 f6 20.Nxf6+ gxf6 21.Rc3 axb2 22.Rg3+ Bg6 23.Rb1 Qe6 24.Rxb2
Re1+ 25.Kh2 Qe5 26.Qd3 Kf7 27.Qb3 Qe6 28.Rg4 Rg8 29.f4 Nd7 30.Qg3 f5 31.Rg5 Nc5 32.h4
Re3 33.Qf2 b6 34.Rd2 Re4 35.h5 Rxc4 36.Qh4 Ne4 37.hxg6+ hxg6 38.Re2 Rh8 39.Re3 Qf6 0-1

[Event "2. Bundesliga West 2014/15"]
[Site "Diverse"]
[Date "2015.03.07"]
[Round "10"]
[Board "1"]
[White "Loetscher, Roland"]
[Black "Medvegy, Zoltan"]
[Result "0-1"]
[WhiteElo "2458"]
[BlackElo "2526"]
[PlyCount "118"]
[EventDate "2014.10.10"]
[EventType "team"]
[EventRounds "11"]
[EventCountry "AUT"]
[WhiteTeam "Kufstein / Woergl"]
[BlackTeam "Ranshofen"]

1.d4 Nf6 2.Nf3 e6 3.g3 b6 4.Bg2 Bb7 5.O-O g6 6.Re1 Bg7 7.Qd3 d5 8.c4 O-O 9.Nc3 c5
10.cxd5 cxd4 11.Nxd4 Nxd5 12.Nc2 Nd7 13.Nxd5 Bxd5 14.Bxd5 Nc5 15.Qf3 Qxd5 16.Qxd5
exd5 17.Rd1 Rac8 18.Nb4 d4 19.Kf1 Rfe8 20.Rb1 h6 21.Nd3 Nxd3 22.Rxd3 f5 23.Bd2 Kf7
24.Ke1 Ke6 25.Rc1 g5 26.Kd1 Bf6 27.Rxc8 Rxc8 28.f3 h5 29.h3 Rc7 30.Be1 g4 31.hxg4
fxg4 32.fxg4 hxg4 33.Bf2 Rd7 34.Kc2 Kf5 35.Rb3 Ke4 36.Rb4 Rc7+ 37.Kd1 a5 38.Rb5 Rc5
39.Rxc5 bxc5 40.b3 Be5 41.Kc2 a4 42.Kd2 Bc7 43.Kc2 Ba5 44.Kd1 Kd5 45.Kc2 c4 46.bxc4+
Kxc4 47.Kd1 d3 48.Be3 Bc7 49.Bf2 dxe2+ 50.Kxe2 Kc3 51.Be1+ Kb2 52.Kd3 Kxa2 53.Bb4
Kb3 54.Be7 Bxg3 55.Ke4 Be1 56.Kf4 Bb4 57.Bf6 a3 58.Kxg4 Bc3 59.Be7 a2 0-1

[Event "2. Bundesliga West 2014/15"]
[Site "Diverse"]
[Date "2015.03.07"]
[Round "10"]
[Board "2"]
[White "Konnyu, Janos"]
[Black "Bertagnolli, Alexander"]
[Result "1/2-1/2"]
[WhiteElo "2339"]
[BlackElo "2343"]
[PlyCount "218"]
[EventDate "2014.10.10"]
[EventType "team"]
[EventRounds "11"]
[EventCountry "AUT"]
[WhiteTeam "Ranshofen"]
[BlackTeam "Kufstein / Woergl"]

1.e4 c5 2.Nf3 d6 3.d4 cxd4 4.Nxd4 Nf6 5.Nc3 a6 6.Bg5 e6 7.f4 Be7 8.Qf3 h6 9.Bh4 Nbd7
10.O-O-O Qc7 11.Bd3 g5 12.fxg5 Ne5 13.Qe2 Nfg4 14.Nf3 hxg5 15.Bg3 Bd7 16.Rhf1 Rh7
17.h3 Nxf3 18.e5 Nfxe5 19.Bxh7 Nf6 20.Bd3 Bc6 21.Kb1 O-O-O 22.Rf2 Nfd7 23.Bxe5 Nxe5
24.Rxf7 Nxf7 25.Qxe6+ Kb8 26.Qxf7 Rf8 27.Qg7 Qd8 28.Ne4 Rf4 29.Re1 d5 30.Qe5+ Ka8
31.Nd2 Bf6 32.Qe3 Qh8 33.Qb6 Qh4 34.Qe3 Bd4 35.Qe7 Bc5 36.Qd8+ Ka7 37.Rd1 Qg3 38.Nf3
Rf8 39.Qa5 Bb6 40.Qd2 Qf4 41.Qxf4 gxf4 42.Ne5 Rg8 43.Ng6 Be3 44.Rf1 d4 45.Nxf4 Bxg2
46.Nxg2 Rxg2 47.Rf7 Rg1+ 48.Bf1 Bg5 49.a3 Kb6 50.Ka2 Kc6 51.Bd3 Re1 52.Rh7 Re7 53.Rh8
Re6 54.h4 Be3 55.h5 b5 56.Bg6 Bg5 57.Rf8 Be3 58.Kb3 Bh6 59.Rh8 Bg5 60.Rc8+ Kb7 61.Rc5
Be3 62.Bd3 Rb6 63.Be4+ Kb8 64.Rf5 Re6 65.Bd3 Rc6 66.a4 bxa4+ 67.Kxa4 Rb6 68.b3 Bd2
69.Rf2 Be3 70.Rf8+ Ka7 71.Rf7+ Kb8 72.Ka5 Re6 73.Kb4 Rc6 74.Rg7 Bd2+ 75.Ka4 Rc5 76.b4
Rxh5 77.Bxa6 Rg5 78.Rf7 Re5 79.Bd3 Bg5 80.Rd7 Be3 81.Kb3 Kc8 82.Ra7 Kb8 83.Rh7 Bd2
84.Rd7 Bc3 85.Kc4 Kc8 86.Ra7 Kb8 87.Rh7 Re8 88.Bf5 Re5 89.Rf7 Ka8 90.b5 Kb8 91.b6
Ba5 92.b7 Bb6 93.Kb4 Ba5+ 94.Kc4 Bb6 95.Kb3 Bc7 96.Bc8 Rc5 97.Rd7 Rc3+ 98.Kb2 Bb6
99.Rd5 Rc5 100.Rd6 Ba7 101.Ra6 Rc3 102.Ra4 Rc6 103.Ra3 Rc3 104.Ra2 Rc6 105.Kb3 Rc3+
106.Kb4 Bc5+ 107.Kb5 Ba7 108.Rb2 Rc5+ 109.Kb4 Rc3 1/2-1/2

[Event "2. Bundesliga West 2014/15"]
[Site "Diverse"]
[Date "2015.03.07"]
[Round "10"]
[Board "3"]
[White "Koepke, Christian"]
[Black "Dovzik, Juri"]
[Result "1/2-1/2"]
[WhiteElo "2322"]
[BlackElo "2303"]
[PlyCount "77"]
[EventDate "2014.10.10"]
[EventType "team"]
[EventRounds "11"]
[EventCountry "AUT"]
[WhiteTeam "Kufstein / Woergl"]
[BlackTeam "Ranshofen"]

1.e4 c5 2.Nf3 e6 3.d4 cxd4 4.Nxd4 Nf6 5.Nc3 Nc6 6.Ndb5 Bb4 7.a3 Bxc3+ 8.Nxc3 d5 9.exd5
exd5 10.Bd3 O-O 11.O-O d4 12.Ne2 Bg4 13.f3 Bh5 14.Bg5 Bg6 15.Bh4 Qd6 16.Bxg6 hxg6
17.Qd2 Rfd8 18.Rad1 Rd7 19.Bf2 Rad8 20.Qc1 Nd5 21.Rfe1 Re7 22.Nxd4 Rxe1+ 23.Rxe1 Nxd4
24.Bxd4 Nf4 25.Be5 Qb6+ 26.Kh1 Ne6 27.Rd1 Rc8 28.c3 Qb5 29.Bd4 a5 30.h3 a4 31.Bf2
Qc4 32.Qc2 b5 33.Kg1 Rd8 34.Rxd8+ Nxd8 35.Be3 Ne6 36.Kf2 f5 37.Qe2 Kf7 38.Qxc4 bxc4
39.g3 1/2-1/2

[Event "2. Bundesliga West 2014/15"]
[Site "Diverse"]
[Date "2015.03.07"]
[Round "10"]
[Board "4"]
[White "Webersberger, Johann"]
[Black "Maurer, Jochen"]
[Result "0-1"]
[WhiteElo "2376"]
[BlackElo "2254"]
[PlyCount "50"]
[EventDate "2014.10.10"]
[EventType "team"]
[EventRounds "11"]
[EventCountry "AUT"]
[WhiteTeam "Ranshofen"]
[BlackTeam "Kufstein / Woergl"]

1.e4 c5 2.b3 d6 3.Bb2 Nc6 4.Bb5 Bd7 5.f4 Nf6 6.Qe2 a6 7.Bxc6 Bxc6 8.d3 e6 9.Nf3 Be7
10.c4 O-O 11.O-O b5 12.Nc3 Rb8 13.Nd2 Nd7 14.g4 Bf6 15.Nf3 Qa5 16.Qe1 b4 17.Nd1 Bxb2
18.Nxb2 Rbe8 19.a3 Qb6 20.axb4 f5 21.b5 axb5 22.Nh4 fxe4 23.cxb5 Bxb5 24.Qxe4 c4+
25.d4 Nf6 0-1

[Event "2. Bundesliga West 2014/15"]
[Site "Diverse"]
[Date "2015.03.07"]
[Round "10"]
[Board "5"]
[White "Rusche, Johannes"]
[Black "Ager, Josef"]
[Result "1-0"]
[WhiteElo "2274"]
[BlackElo "2109"]
[PlyCount "85"]
[EventDate "2014.10.10"]
[EventType "team"]
[EventRounds "11"]
[EventCountry "AUT"]
[WhiteTeam "Kufstein / Woergl"]
[BlackTeam "Ranshofen"]

1.e4 d6 2.d4 Nf6 3.Nc3 e5 4.Nf3 Nbd7 5.Bc4 Be7 6.O-O O-O 7.Re1 c6 8.a4 a5 9.h3 Nb6
10.Ba2 Nfd7 11.Be3 exd4 12.Qxd4 Nc5 13.Rad1 Be6 14.Bxe6 fxe6 15.e5 d5 16.Qg4 Nbd7
17.Bh6 Rf7 18.Ne2 Kh8 19.Bc1 Nf8 20.Ned4 Qc8 21.b3 Ne4 22.c4 Bb4 23.Rf1 Qe8 24.Bb2
Qe7 25.cxd5 cxd5 26.Rc1 Re8 27.Rc2 Ng6 28.Bc1 Bc5 29.Be3 b6 30.h4 Nf8 31.Nc6 Qb7 32.Ncd4
Qb8 33.h5 Qc8 34.h6 Qd7 35.Ng5 Nxg5 36.Bxg5 Be7 37.Rfc1 Bxg5 38.Qxg5 gxh6 39.Qxh6
Ng6 40.Rc6 Kg8 41.Rd6 Qb7 42.Nxe6 Rfe7 43.Nd8 1-0

[Event "2. Bundesliga West 2014/15"]
[Site "Diverse"]
[Date "2015.03.07"]
[Round "10"]
[Board "6"]
[White "Riediger, Martin"]
[Black "Neuschmied, Siegfried"]
[Result "1-0"]
[WhiteElo "2262"]
[BlackElo "2246"]
[PlyCount "115"]
[EventDate "2014.10.10"]
[EventType "team"]
[EventRounds "11"]
[EventCountry "AUT"]
[WhiteTeam "Ranshofen"]
[BlackTeam "Kufstein / Woergl"]

1.c4 Nf6 2.Nc3 g6 3.g3 Bg7 4.Bg2 O-O 5.e4 d6 6.Nge2 c5 7.d3 Nc6 8.O-O Ne8 9.Be3 Nd4
10.Qd2 Bg4 11.f3 Bd7 12.Bf2 Rb8 13.Nxd4 cxd4 14.Ne2 e5 15.a4 b6 16.b4 f5 17.h3 fxe4
18.fxe4 Bf6 19.Kh2 Bg5 20.Qc2 a6 21.Ng1 Qe7 22.Nf3 Bf6 23.Be1 Ng7 24.Bd2 g5 25.Qc1
Ne6 26.Ng1 Qe8 27.Qd1 Ng7 28.Ne2 Qh5 29.Ng1 g4 30.Ra2 Qg6 31.hxg4 Bxg4 32.Bf3 h5 33.Bxg4
hxg4 34.Kg2 Rb7 35.Bc1 Ne8 36.Rf5 Rh7 37.Raf2 Ng7 38.Rxf6 Rxf6 39.Rxf6 Qxf6 40.Qxg4
Qe6 41.Qg5 Qe8 42.b5 axb5 43.axb5 Qh5 44.Qd8+ Ne8 45.Nf3 Kf8 46.Ba3 Rh6 47.Qh4 Qg6
48.Nxe5 Qh7 49.Qf4+ Rf6 50.Bxd6+ Kg8 51.Qg5+ Kh8 52.Ng4 Rxd6 53.Qe5+ Qg7 54.Qxe8+
Kh7 55.e5 Rg6 56.Kf3 Qb7+ 57.Kf4 Qg2 58.Qf7+ 1-0

[Event "2. Bundesliga West 2014/15"]
[Site "Diverse"]
[Date "2015.03.07"]
[Round "10"]
[Board "1"]
[White "Wegener, Olaf"]
[Black "Breder, Dennis"]
[Result "1/2-1/2"]
[WhiteElo "2441"]
[BlackElo "2471"]
[PlyCount "43"]
[EventDate "2014.10.10"]
[EventType "team"]
[EventRounds "11"]
[EventCountry "AUT"]
[WhiteTeam "Rochade Rum"]
[BlackTeam "Hohenems II"]

1.e4 e6 2.d4 d5 3.Nd2 c5 4.Ngf3 cxd4 5.Nxd4 Nc6 6.Bb5 Bd7 7.Nxc6 Bxc6 8.Bxc6+ bxc6
9.c4 Qa5 10.O-O Nf6 11.Qc2 Qa6 12.a3 Rc8 13.Rb1 Be7 14.b4 Nxe4 15.Nxe4 dxe4 16.Bb2
O-O 17.Qxe4 Rfd8 18.Qc2 Qb6 19.Bc3 Qa6 20.Bb2 Qb6 21.Bc3 Qa6 22.Bb2 1/2-1/2

[Event "2. Bundesliga West 2014/15"]
[Site "Diverse"]
[Date "2015.03.07"]
[Round "10"]
[Board "2"]
[White "Bezold, Michael"]
[Black "Braeuer, Franz"]
[Result "1-0"]
[WhiteElo "2513"]
[BlackElo "2387"]
[PlyCount "137"]
[EventDate "2014.10.10"]
[EventType "team"]
[EventRounds "11"]
[EventCountry "AUT"]
[WhiteTeam "Hohenems II"]
[BlackTeam "Rochade Rum"]

1.b3 d5 2.Bb2 Bf5 3.g3 e6 4.Bg2 Nf6 5.d3 Be7 6.Nd2 h6 7.e4 Bh7 8.Qe2 O-O 9.Ngf3 a5
10.a3 c5 11.a4 Na6 12.O-O Nb4 13.Ne1 Rc8 14.c3 Nc6 15.Nc2 Qb6 16.Rab1 Rcd8 17.Rfd1
Rfe8 18.Na3 Bf8 19.Nb5 Na7 20.c4 Nd7 21.Re1 dxe4 22.Bxe4 Bxe4 23.dxe4 Nb8 24.Nf3 Nbc6
25.Rbd1 Nxb5 26.cxb5 Nd4 27.Bxd4 cxd4 28.Ne5 Bb4 29.Rf1 Qc7 30.f4 Rc8 31.Nc4 Qc5 32.Kg2
Rcd8 33.Rd3 Re7 34.h4 f5 35.e5 Qd5+ 36.Qf3 Bc3 37.Rfd1 Qxf3+ 38.Kxf3 Rd5 39.h5 Kh7
40.Rg1 Rd8 41.g4 fxg4+ 42.Rxg4 Rc8 43.Ke4 Kh8 44.Rg6 Kh7 45.Nd6 Rc5 46.Rd1 Bb2 47.Rg2
Bc3 48.Rc2 Kh8 49.Nc4 Rcc7 50.Rg1 Kh7 51.Rg4 Rcd7 52.Rg3 Bb4 53.Nb6 Rd8 54.Rc8 Rxc8
55.Nxc8 Rc7 56.Nd6 Rc3 57.Rg2 Bc5 58.f5 Re3+ 59.Kf4 d3 60.Rd2 Rh3 61.fxe6 Be3+ 62.Ke4
Bxd2 63.e7 Bg5 64.e8=Q Re3+ 65.Kf5 d2 66.Nf7 Rf3+ 67.Ke6 Rxf7 68.Kxf7 d1=Q 69.Qg8# 1-0

[Event "2. Bundesliga West 2014/15"]
[Site "Diverse"]
[Date "2015.03.07"]
[Round "10"]
[Board "3"]
[White "Pogan, Nikolas"]
[Black "Baldauf, Marco"]
[Result "1/2-1/2"]
[WhiteElo "2284"]
[BlackElo "2420"]
[PlyCount "102"]
[EventDate "2014.10.10"]
[EventType "team"]
[EventRounds "11"]
[EventCountry "AUT"]
[WhiteTeam "Rochade Rum"]
[BlackTeam "Hohenems II"]

1.c4 g6 2.g3 Bg7 3.Bg2 c5 4.Nc3 Nc6 5.Nf3 d6 6.O-O Bf5 7.d3 Qd7 8.Rb1 Nf6 9.a3 Bh3
10.b4 Bxg2 11.Kxg2 O-O 12.Bg5 b6 13.Qa4 Rfe8 14.Nd5 Nxd5 15.cxd5 Ne5 16.Qxd7 Nxd7
17.Rfc1 h6 18.Bd2 Rec8 19.e4 Rc7 20.d4 c4 21.b5 Nf6 22.Re1 c3 23.Bc1 Rc4 24.Rb3 Rac8
25.Kf1 g5 26.h3 g4 27.hxg4 Nxg4 28.Nh4 Bxd4 29.Nf5 Bf6 30.f3 Ne5 31.Nxh6+ Kf8 32.Ke2
e6 33.dxe6 fxe6 34.Rd1 Ke7 35.Bf4 c2 36.Rc1 Ng6 37.Bd2 Be5 38.Be1 d5 39.exd5 exd5
40.Nf5+ Ke6 41.Ne3 R4c7 42.f4 Nxf4+ 43.gxf4 Bxf4 44.Bd2 d4 45.Ng2 Be5 46.Ne1 Rh7 47.Rxc2
Rxc2 48.Nxc2 Kd5 49.Rf3 Kc4 50.Nb4 Bd6 51.Kd1 Kxb5 1/2-1/2

[Event "2. Bundesliga West 2014/15"]
[Site "Diverse"]
[Date "2015.03.07"]
[Round "10"]
[Board "4"]
[White "Sandholzer, Robert"]
[Black "Spornberger, Maximilian"]
[Result "1/2-1/2"]
[WhiteElo "2175"]
[BlackElo "2347"]
[PlyCount "84"]
[EventDate "2014.10.10"]
[EventType "team"]
[EventRounds "11"]
[EventCountry "AUT"]
[WhiteTeam "Hohenems II"]
[BlackTeam "Rochade Rum"]

1.e4 e6 2.d4 d5 3.Nc3 Bb4 4.exd5 exd5 5.Bd3 Nc6 6.a3 Bxc3+ 7.bxc3 Nge7 8.Qf3 Be6 9.Ne2
Qd7 10.h3 O-O-O 11.Rb1 f6 12.Nf4 Bf7 13.Bb5 a6 14.Be2 Qf5 15.Bd3 Qd7 16.Be2 Bg6 17.Nd3
Be4 18.Qf4 Ng6 19.Qg3 Bxd3 20.Qxd3 Qe6 21.O-O Nce7 22.Be3 Qe4 23.Rb2 Qxd3 24.cxd3
b6 25.c4 Kb7 26.a4 Ka7 27.Rfb1 Rb8 28.g3 Rhd8 29.Bf3 c6 30.h4 Nf8 31.Bf4 Rb7 32.c5
b5 33.axb5 cxb5 34.Ra1 Nc6 35.Bd6 Ne6 36.Bxd5 Nexd4 37.Rba2 Nb4 38.Bxb7 Kxb7 39.Rb2
Nxd3 40.Rba2 Nb4 41.Rb2 Nd3 42.Rba2 Nb4 1/2-1/2